000 00916nam a22002897a 4500
001 BR6400259
003 BR-BrBNA
005 20230928083418.0
007 ta
008 230509b bl.||||| |||| 00| 0 por d
040 _aBR-BrBNA
_bpor
_cBiblioteca Nacional de Agricultura
041 _a(Por)
072 _aF23; F20
_b/G514
090 _ F23 BR6400259
100 1 _aSilva, F.J. da
110 1 _aSuperintendencia do Desenvolvimento Economico e Cultural, Fortaleza (Brasil)
_910204
245 1 _aResumo da geologia do Ceara de interesse para a pedologia [Brasil]
260 3 _aFortaleza, CE (Brasil):
_c1964.
300 _a48 p.
500 _a(*) Documento disponível no(a) Superintendencia do Desenvolvimento do Estado do Ceara, Fortaleza (Brazil)
650 _aGEOMORFOLOGIA
650 _aGEOLOGIA
650 _aPEDOLOGIA
650 _aCEARA
909 _a202309
_bLucia
_c55
_dLucia Elande
942 _cBK
999 _c13326
_d13326